America (Record no. 17103)
[ view plain ]
| 000 -LEADER | |
|---|---|
| fixed length control field | 00598cam a22002171 4500 |
| 001 - CONTROL NUMBER | |
| control field | ca 33000750 |
| 003 - CONTROL NUMBER IDENTIFIER | |
| control field | DLC |
| 005 - DATE AND TIME OF LATEST TRANSACTION | |
| control field | 20260227111129.0 |
| 008 - FIXED-LENGTH DATA ELEMENTS--GENERAL INFORMATION | |
| fixed length control field | 810305s1933 nyu 000 0 eng |
| 010 ## - LIBRARY OF CONGRESS CONTROL NUMBER | |
| LC control number | ca 33000750 |
| 035 ## - SYSTEM CONTROL NUMBER | |
| System control number | (OCoLC)7193094 |
| 040 ## - CATALOGING SOURCE | |
| Original cataloging agency | DLC |
| Transcribing agency | MWalB |
| Modifying agency | MWalB |
| -- | DLC |
| 042 ## - AUTHENTICATION CODE | |
| Authentication code | premarc |
| 050 00 - LIBRARY OF CONGRESS CALL NUMBER | |
| Classification number | PS3515.U64 |
| Item number | A8 1933 |
| 100 1# - MAIN ENTRY--PERSONAL NAME | |
| Personal name | Huntington, Archer M. |
| Fuller form of name | (Archer Milton), |
| Dates associated with a name | 1870-1955. |
| 245 10 - TITLE STATEMENT | |
| Title | America |
| Statement of responsibility, etc. | [by] Archer Milton Huntington. |
| 260 ## - PUBLICATION, DISTRIBUTION, ETC. | |
| Place of publication, distribution, etc. | New York, |
| Date of publication, distribution, etc. | 1933. |
| 300 ## - PHYSICAL DESCRIPTION | |
| Extent | 35 p. |
| Dimensions | 22 cm. |
| 500 ## - GENERAL NOTE | |
| General note | Printed on one side of leaf only. |
| 500 ## - GENERAL NOTE | |
| General note | A poem. |
No items available.